00433nam a2200157Ia 4500008004100000041000800041082001600049100001800065245004400083260004000127300001600167365001200183650002700195650003000222700002300252210719s1997 xx 000 0 und d aeng a820.33 MOHE aMOHAMED (N P) aEye of the god Tr by Gita Krishnankutty aChennaibMacmillan India Ltd.c1997 av---148bPB b100cRs aIndian English Fiction aIndian English Literature aGita Krishnankutty